| 000 | 00744nas a2200241 4500 | ||
|---|---|---|---|
| 001 | BR7908842 | ||
| 003 | BR-BrBNA | ||
| 005 | 20231205084049.0 | ||
| 007 | ta | ||
| 008 | 230509b bl.|||p| |||| 00| 00por d | ||
| 040 |
_aBR-BrBNA _bpor _cBiblioteca Nacional de Agricultura |
||
| 041 | _a(Pt) | ||
| 072 | _aH20 | ||
| 100 | 1 | _aLacava, P.M. | |
| 245 | 1 | _aComportamento "in vitro" do fungo Aspergillus nidulans em resposta ao fungicida Plantiva | |
| 650 | _aFUNGO | ||
| 650 | _aFUNGICIDA SISTEMICO | ||
| 650 | _aRESISTENCIA A PESTICIDA | ||
| 650 | _aPLANTA | ||
| 773 | 0 |
_tRevista de Microbiologia (Brazil) _xISSN 0001-3714 _g(Jan-Mar 1979), v. 10(1) p. 22-23 _wBR7908842 |
|
| 909 |
_a202311 _bLúcia _c55 _dLúcia Elande |
||
| 942 |
_2AGRIS _n0 _cANA |
||
| 999 |
_c102895 _d102895 |
||